01426nam a2200337Ia 4500001001200000003000800012006001900020007001500039008004100054020001500095040002100110035002000131050002800151082002300179100003300202245016200235260004300397300001500440504005100455533015200506650004500658650004400703650004400747650003800791650003900829655002900868700003100897710001700928856012600945999001701071ebr10040034CaPaEBRm u cr cn|||||||||030214s2003 dcu sbs i001 0 eng d z082135437X aCaPaEBRcCaPaEBR a(OCoLC)5333379414aHD3616.D452bK54 2003eb04a338.9/009172/42211 aKlein, Michaelq(Michael U.)14aThe Private sector in developmenth[electronic resource] :bentrepreneurship, regulation, and competitive disciplines /cMichael U. Klein, Bita Hadjimichael. aWashington, D.C. :bWorld Bank,c2003. aix, 220 p. aIncludes bibliographical references and index. aElectronic reproduction.bPalo Alto, Calif. :cebrary,d2009.nAvailable via World Wide Web.nAccess may be limited to ebrary affiliated libraries. 0aIndustrial policyzDeveloping countries. 0aTrade regulationzDeveloping countries. 0aEntrepreneurshipzDeveloping countries. 0aCapitalismzDeveloping countries. 0aCompetitionzDeveloping countries. 7aElectronic books.2local1 aHadjimichael, Bita,d1958-2 aebrary, Inc.40uhttp://site.ebrary.com/lib/rucke/Doc?id=10040034zAn electronic book accessible through the World Wide Web; click to view c60034d60034